000 00762nam a22002297i 4500
999 _c22872
_d22872
003 AR-CdUCM
008 240508b20052005 cl||||| |||| 00| 0 spa d
020 _a956-8249-31-1
040 _aMUNICIPALIDAD PROVINCIAL DEL CUSCO
_cBIBLIOTECA MUNICIPAL DEL CUSCO
082 _a869.34 / C76D
_bC76D
100 _aContreras Villablanca, Eduardo.
_949730
245 _aDon't Disturb :
_bcrónica de un encuentro en Cartagena de Indias /
260 _aChile :
_bMago Editores,
_c2005
300 _a 93 páginas. :
_c21 cm.
650 _aFuera de juego
_949731
650 _aLa encrucijada
_949732
650 _aTrampas y azares
_949733
650 _aSorpresas te da la vida
_949734
856 _fwww.magoeditores.cl
942 _2ddc
_cLIBROS
945 _apbj
_d2024-05-08